000 00279nam a22001217a 4500
008 170914b xxu||||| |||| 00| 0 eng d
041 _aeng
080 _a7
100 _a44
101 _aSRT
245 _aFUNJ WAGNALLS 1003 SCIENCE YEAR BOOK
_cHOLLAND.L
942 _2udc
_cBK
999 _c27715
_d27715